| 000 | 00447nam a22001457a 4500 | ||
|---|---|---|---|
| 020 | _qHardcover. | ||
| 082 | _a658 | ||
| 100 | _aKhan, Sohaib Qadir | ||
| 245 |
_aEffect of Marketing on Supply Chain Management: Case Study of Unilever _cSohaib Qadir khan. |
||
| 260 |
_aIslamabad : _bNBS - NUST. _c2013. |
||
| 300 |
_a46 p. : _c30cm. |
||
| 650 |
_aMBA Thesis. _917629 |
||
| 942 |
_2ddc _cTHE |
||
| 999 |
_c527130 _d527130 |
||